Online Catalogue and eLibrary

Knowing the difference : (Record no. 39)

MARC details
000 -LEADER
fixed length control field 00805cam a2200241 a 4500
001 - CONTROL NUMBER
control field 1108208
005 - DATE AND TIME OF LATEST TRANSACTION
control field 20231120022954.0
008 - FIXED-LENGTH DATA ELEMENTS--GENERAL INFORMATION
fixed length control field 930923s1994 enk b 001 0 eng
020 ## - INTERNATIONAL STANDARD BOOK NUMBER
ISBN 0415089883 (hbk : acidfree paper)
020 ## - INTERNATIONAL STANDARD BOOK NUMBER
ISBN 0415089891 (pbk : acidfree paper)
040 ## - CATALOGING SOURCE (பட்டியலாக்க மூலம்)
Original cataloging agency DLC
Transcribing agency DLC
Modifying agency DLC
082 00 - DDC Classification
Class No. 121/.082
DDC Edition Number 20
245 00 - TITLE STATEMENT
Title Knowing the difference :
Remainder of title feminist perspectives in epistemology /
Statement of responsibility, etc. edited by Kathleen Lennon and Margaret Whitford.
260 ## - PUBLICATION, DISTRIBUTION, ETC.
Place of publication, distribution, etc. London ;
-- New York :
Name of publisher, distributor, etc. Routledge,
Date of publication, distribution, etc. 1994.
300 ## - PHYSICAL DESCRIPTION
Extent (e.g. Volumes, Pages etc.) xiii, 300 p. ;
650 #0 - SUBJECT ADDED ENTRY--TOPICAL TERM
Topical term or geographic name entry element Objectivity.
650 #0 - SUBJECT ADDED ENTRY--TOPICAL TERM
Topical term or geographic name entry element Feminist theory.
650 #0 - SUBJECT ADDED ENTRY--TOPICAL TERM
Topical term or geographic name entry element Knowledge, Theory of.
700 1# - ADDED ENTRY--PERSONAL NAME
Personal name Lennon, Kathleen.
Relator term (Role) Editor
700 1# - ADDED ENTRY--PERSONAL NAME
Personal name Whitford, Margaret.
Relator term (Role) Editor
856 42 - ELECTRONIC LOCATION AND ACCESS
Uniform Resource Identifier <a href="http://www.loc.gov/catdir/enhancements/fy0648/93037965-d.html">http://www.loc.gov/catdir/enhancements/fy0648/93037965-d.html</a>
942 ## - Koha item type (Biblio)
Koha item type Books in Stacks (Lending)
Holdings
Lost status Damaged status Collection code Home library Current library Date acquired Full call number Accession Number Item type
    Lending WERC Library WERC Library 11/20/2023 121/.082 5187 Books in Stacks (Lending)

© WERC Library